| Tag |
First Indicator |
Second Indicator |
Subfields |
| LEADER |
00000nam a2200000 a 4500 |
| 001 |
in00005674182 |
| 003 |
OCoLC |
| 005 |
20260109202622.6 |
| 006 |
m o d |
| 007 |
cr un||||a|a|| |
| 008 |
100824r19951952nyu o 000 1 eng d |
| 010 |
|
|
|z 72010419
|
| 019 |
|
|
|a 606609625
|a 826449614
|a 841333721
|a 841893067
|a 869407491
|a 966498292
|a 1037232441
|a 1037262900
|a 1060746339
|a 1088636060
|a 1149997100
|
| 020 |
|
|
|a 9780307743992
|q (electronic bk.)
|
| 020 |
|
|
|a 0307743993
|q (electronic bk.)
|
| 020 |
|
|
|z 9780679732761
|
| 020 |
|
|
|z 0679732764
|
| 020 |
|
|
|z 9780812418163
|
| 020 |
|
|
|z 0812418166
|
| 020 |
|
|
|z 9781299210905
|
| 020 |
|
|
|z 1299210902
|
| 020 |
|
|
|z 9780808554127
|
| 020 |
|
|
|z 0808554123
|
| 020 |
|
|
|z 9781439560686
|
| 020 |
|
|
|z 1439560684
|
| 024 |
8 |
|
|a 90103126010
|
| 028 |
0 |
1 |
|a EB00171039
|b Recorded Books
|
| 035 |
|
|
|a (OCoLC)in5674182
|
| 035 |
|
|
|a (OCoLC)657978033
|z (OCoLC)606609625
|z (OCoLC)826449614
|z (OCoLC)841333721
|z (OCoLC)841893067
|z (OCoLC)869407491
|z (OCoLC)966498292
|z (OCoLC)1037232441
|z (OCoLC)1037262900
|z (OCoLC)1060746339
|z (OCoLC)1088636060
|z (OCoLC)1149997100
|
| 037 |
|
|
|a 0406628E-86ED-40B8-A8B9-ED7D4B5F0450
|b OverDrive, Inc.
|n http://www.overdrive.com
|
| 040 |
|
|
|a OCLCE
|b eng
|e pn
|c OCLCE
|d OCLCQ
|d TEFOD
|d OCLCQ
|d MMI
|d OCLCF
|d OCLCQ
|d N$T
|d AZU
|d OCLCO
|d IDEBK
|d OCLCO
|d TOH
|d CNTRP
|d TEFOD
|d RECBK
|d TEFOD
|d OCLCQ
|d OCLCO
|d OCLCQ
|d OCLCO
|d MR7
|d OCLCO
|d PLS
|d OCLCO
|d OCLCQ
|d MQO
|d OCLCO
|d OCLCQ
|d OCLCO
|d OCLCA
|d GILDS
|d OCLCO
|d HCO
|d KYD
|d KF5
|d UOK
|d NTG
|d TXP
|d OCLCA
|d B@L
|d TEF
|d WT2
|d DYJ
|d MXB
|d TXSCH
|d LNC
|d KF6
|d H4N
|d ROC
|d FLWMD
|d FSP
|d MLSOD
|d CUY
|d OCLCO
|d YDX
|d OCLCA
|d INARC
|d ORU
|d OCLCO
|d OCLCQ
|d OCL
|d OCLCO
|
| 042 |
|
|
|a dlr
|
| 043 |
|
|
|a n-us---
|
| 050 |
|
4 |
|a PS3555.L625
|b I5 1995
|
| 060 |
|
4 |
|a PS 3555 .L625
|b E47i 1995
|
| 072 |
|
7 |
|a FIC019000
|2 bisacsh
|
| 072 |
|
7 |
|a FIC
|x 000000
|2 bisacsh
|
| 082 |
0 |
4 |
|a 813/.54
|2 23
|
| 084 |
|
|
|a FIC019000
|2 bisacsh
|
| 084 |
|
|
|a 17.97
|2 bcl
|
| 084 |
|
|
|a 18.06
|2 bcl
|
| 084 |
|
|
|a FIC004000
|2 bisacsh
|
| 084 |
|
|
|a I712.45
|2 clc
|
| 100 |
1 |
|
|a Ellison, Ralph.
|
| 245 |
1 |
0 |
|a Invisible man /
|c Ralph Ellison.
|
| 250 |
|
|
|a 2nd Vintage International ed.
|
| 260 |
|
|
|a New York :
|b Vintage International,
|c 1995.
|
| 300 |
|
|
|a 1 online resource ( xxiii, 581 pages) :
|
| 336 |
|
|
|a text
|b txt
|2 rdacontent
|
| 337 |
|
|
|a computer
|b c
|2 rdamedia
|
| 338 |
|
|
|a online resource
|b cr
|2 rdacarrier
|
| 347 |
|
|
|a text file
|2 rdaft
|
| 380 |
|
|
|a Fiction
|2 marcgt
|
| 386 |
|
|
|n eth
|a African Americans
|2 lcdgt
|
| 386 |
|
|
|n nat
|a Americans
|2 lcdgt
|
| 500 |
|
|
|a Originally published: 1st ed. New York : Random House, 1952.
|
| 532 |
1 |
|
|3 EBSCOhost
|a "EBSCO evaluates our products based on the Web Content Accessibility Guidelines (WCAG) and the related Section 508 and EN 301 549 regulations in the US and EU. Most EBSCO products are substantially conformant with WCAG 2.2 level AA." Source: https://connect.ebsco.com/s/article/EBSCO-VPATs?language=en_US. Last accessed April 22, 2025.
|
| 588 |
0 |
|
|a Print version record.
|
| 538 |
|
|
|a Master and use copy. Digital master created according to Benchmark for Faithful Digital Reproductions of Monographs and Serials, Version 1. Digital Library Federation, December 2002.
|u http://purl.oclc.org/DLF/benchrepro0212
|5 MiAaHDL
|
| 583 |
1 |
|
|a digitized
|c 2010
|h HathiTrust Digital Library
|l committed to preserve
|2 pda
|5 MiAaHDL
|
| 505 |
0 |
|
|a In the course of his wanderings from a Southern Negro college to New York's Harlem, an American black man becomes involved in a series of adventures. Introduction explains circumstances under which the book was written. Ellison won the National Book Award for this searing record of a black man's journey through contemporary America. Unquestionably, Ellison's book is a work of extraordinary intensity -- powerfully imagined and written with a savage, wryly humorous gusto.
|
| 650 |
|
0 |
|a African American men
|v Fiction.
|
| 650 |
|
0 |
|a African Americans.
|
| 650 |
|
1 |
|a Race relations
|v Fiction.
|
| 650 |
|
2 |
|a Literature, Modern
|
| 650 |
|
2 |
|a Black or African American
|
| 650 |
|
2 |
|a Race Relations
|
| 650 |
|
6 |
|a Hommes noirs américains
|v Romans, nouvelles, etc.
|
| 650 |
|
6 |
|a Noirs américains.
|
| 650 |
|
7 |
|a African American.
|2 aat
|
| 650 |
|
7 |
|a Literary.
|2 bisacsh
|
| 650 |
|
7 |
|a FICTION
|x General.
|2 bisacsh
|
| 650 |
|
7 |
|a African American men
|v Fiction.
|2 cct
|
| 650 |
|
7 |
|a African Americans
|2 fast
|
| 650 |
|
7 |
|a African American men
|2 fast
|
| 653 |
|
0 |
|a African American men
|a Fiction
|
| 655 |
|
7 |
|a Electronic books.
|2 local
|
| 710 |
2 |
|
|a EBSCOhost
|
| 776 |
1 |
8 |
|i Print version:
|a Ellison, Ralph.
|t Invisible man.
|b 2nd Vintage International ed.
|d New York : Vintage International, 1995
|w (DLC) 72010419
|w (OCoLC)32176578
|
| 856 |
4 |
0 |
|u http://proxy.library.tamu.edu/login?url=https://search.ebscohost.com/login.aspx?direct=true&scope=site&db=nlebk&db=nlabk&AN=721937
|z Connect to the full text of this electronic book
|t 0
|
| 945 |
|
|
|b 591162
|
| 955 |
|
|
|a YBP purchased firm e-records
|
| 980 |
|
|
|b usergen
|c 90103126010
|f wwhite
|g 565750
|k USD
|m 74.80
|q 1
|s AcqMono Conventional
|t Purchase at vendor system
|u Vendor order reference number
|v ZYBP
|y Faculty - electronic
|z Electronic resource
|
| 999 |
f |
f |
|i 33155a69-f33f-48c4-bb26-b11e110b589e
|s b3d05bb0-b255-4ce2-b231-675e23427e56
|t 0
|
| 952 |
f |
f |
|a Texas A&M University
|b College Station
|c Electronic Resources
|s www_evans
|d Available Online
|t 0
|e PS3555.L625 I5 1995
|h Library of Congress classification
|